Music Quiz

Random Music or Rock Quiz
Score 0/30 Timer 07:00
0 Plays Today
Band Drummer % Correct
The BeatlesRingo Starr
86.3%
NirvanaDave Grohl
74.4%
Led ZeppelinJohn Bonham
69.1%
The WhoKeith Moon
68.5%
GenesisPhil Collins
65.2%
MetallicaLars Ulrich
61.1%
Mötley CrüeTommy Lee
55.3%
blink-182Travis Barker
54.9%
Van HalenAlex Van Halen
53.2%
RushNeil Peart
53%
Fleetwood MacMick Fleetwood
45.8%
Green DayTré Cool
43.7%
Red Hot Chili PeppersChad Smith
43.2%
CreamGinger Baker
42.7%
The PoliceStewart Copeland
39.5%
Band Drummer % Correct
The EaglesDon Henley
38.8%
The Rolling StonesCharlie Watts
38.6%
Beach BoysDennis Wilson
33.5%
QueenRoger Taylor
31.1%
Bruce SpringsteenMax Weinberg
31%
Pink FloydNick Mason
25%
U2Larry Mullen, Jr.
24.1%
Def LeppardRick Allen
21.1%
The DoorsJohn Densmore
18.3%
AerosmithJoey Kramer
14.6%
The Smashing PumpkinsJimmy Chamberlin
14%
Deep PurpleIan Paice
13.9%
Dave Matthews BandCarter Beauford
13.2%
RadioheadPhil Selway
7.5%
Sex PistolsPaul Cook
7.5%
Remove Ads.
Support Sporcle.
Get the best of Sporcle when you Go Orange. This ad-free experience offers more features, more stats, and more fun while also helping to support Sporcle. Thank you for becoming a member.

You're not logged in!

Compare scores with friends on all Sporcle quizzes.
OR
Log In

Show Comments

Extras

Top Quizzes Today


Score Distribution

Your Account Isn't Verified!

In order to create a playlist on Sporcle, you need to verify the email address you used during registration. Go to your Sporcle Settings to finish the process.

Report this User

Report this user for behavior that violates our Community Guidelines.

Details: